000
00297nam a22001337a 4500
008
170829b xxu||||| |||| 00| 0 eng d
020
_a
9780312408534
041
_a
eng
080
_2
8 ED
_a
070
100
_a
39
101
_a
MED
245
_a
WRITING THAT WORKS
_c
OLIU.W.E
942
_2
udc
_c
BK
999
_c
25284
_d
25284